ARRUPE JESUIT UNIVERSITY

CORONAVIRUS -STOP THE SPREAD - CLEAN,DISINFECT,COVER

D.W.F Hegel; (Record no. 131887)

MARC details
000 -LEADER
fixed length control field 00443nam a22001457a 4500
008 - FIXED-LENGTH DATA ELEMENTS--GENERAL INFORMATION
fixed length control field 240430b |||||||| |||| 00| 0 eng d
020 ## - INTERNATIONAL STANDARD BOOK NUMBER
International Standard Book Number 0415072794.
050 ## - LIBRARY OF CONGRESS CALL NUMBER
Classification number B2948.G2 1993
100 ## - MAIN ENTRY--PERSONAL NAME
Personal name Stern Robert
245 ## - TITLE STATEMENT
Title D.W.F Hegel;
Remainder of title Critical assessment,
Statement of responsibility, etc Robert Stern.
260 ## - PUBLICATION, DISTRIBUTION, ETC. (IMPRINT)
Place of publication, distribution, etc New York:
Name of publisher, distributor, etc Routledge,
Date of publication, distribution, etc 1993.
300 ## - PHYSICAL DESCRIPTION
Extent xvii;
Other physical details 336p,
Dimensions 24cm.
600 ## - SUBJECT ADDED ENTRY--PERSONAL NAME
Personal name Hegel,George Wilhelm Friendrich,
Chronological subdivision 1770-1831.
9 (RLIN) 52710
942 ## - ADDED ENTRY ELEMENTS (KOHA)
Source of classification or shelving scheme Library of Congress Classification
Item type Monograph ( Printed materials)

No items available.

 

Arrupe Library. PO Box MP320 Mt Pleasant, Harare, Zimbabwe
263 242 745411|librarian@aju.ac.zw